Nadšenie vydržalo jeden set do štvrťfinálová E-skupina (Petrohrad): Slovensko - Nemecko 0:3 (-23, -15, -16)

Bibliographic Details
Main Author: Kubiš, Pavol (Author)
Format: Article
Language:Slovak
PhysicalDescription:Fotogr., tab.
ISSN:0139-7001
Subjects:

MARC

LEADER 00000nab a2200000 ar4500
001 vtls009141945
003 SK-MaSNL
005 20260303192502.0
008 070915c20070912xo mr|p|||||||000 b|slo
015 |a SNKBUCL2007/09  |2 snkbucl 
038 |a SNKBUCL 
040 |a SNKBUCL  |b slo  |c SNKBUCL  |e AACR2 
041 0 |a slo 
044 |a xo  |c SK 
080 |a 796.325.093.1  |x (4)  |2 2001 
100 1 |a Kubiš, Pavol  |4 aut  |9 219206 
245 1 0 |a Nadšenie vydržalo jeden set  |b do štvrťfinálová E-skupina (Petrohrad): Slovensko - Nemecko 0:3 (-23, -15, -16)  |c Pavol Kubiš 
300 |b Fotogr., tab. 
611 2 7 |a Majstrovstvá Európy vo volejbale mužov  |n (25. :  |d 2007 :  |c Moskva, Rusko)  |2 snkbucl  |9 1222996 
611 2 7 |a Majstrovstvá Európy vo volejbale mužov  |n (25. :  |d 2007 :  |c Petrohrad, Rusko)  |2 snkbucl  |9 1222997 
650 0 7 |a volejbal  |2 snkbucl  |9 3294 
650 0 7 |a muži  |2 snkbucl  |9 4888 
773 0 |t Šport  |g Roč. 61, č. 210 (12.9.2007), s. 27  |x 0139-7001 
852 |a SNK  |b KIS3GCP 
999 |c 2146521  |d 2148451